000 01052nam a22003257a 4500
003 CHAP
005 20220329134421.0
008 971013c19721950 r 00010 d
010 _a20204
011 _a21176
035 _a25265
040 _cCHAP
082 _a860
_bD5
100 0 0 _aDíez Echarri, Emiliano.
_933704
245 _aHistoria de la literatura española e hispanoamericana
260 _aMadrid :
_bAguilar,
_c1972 (c.1950)
300 _a1590 p.
490 _aColección obras de consulta
590 _aBATCH-UPD
_b10
_c20130110
_lUCH01
_h1415
590 _aBATCH-UPD
_b10
_c20130410
_lUCH01
_h0900
590 _aBATCH-UPD
_b10
_c20130914
_lUCH01
_h1726
590 _aCONVERSION
_b10
_c20130109
_lUCH01
_h1312
650 1 4 _aLiteratura española
_xHistoria.
_967125
650 1 4 _aLiteratura latinoamericana
_xHistoria.
_967136
700 0 _aRoca Franquesa, José María.
_998155
830 0 _aColección obras de consulta
_924942
901 _aBK
942 _cLIBRO
949 _a860 D5
_bBC
_cLIBRO
_d33724000901203
_eLIBRO
_h34644
_i25265
_si
999 _c20204
_d20204